000 00641nam a2200205Ii 4500
003 JO-AjNU
008 230605s9999||||xx |||||||||||||| ||und||
040 _aJO-AjNU
_bara
_erda
_cJO-AjNU
041 _aara
050 1 4 _aPJ7816 2002
100 3 _aتأليف جحاف،علي عبد الرحمن,
_eauthor
_923410
245 0 0 _aرياحين آذار
250 _aط1
264 3 1 _aعمان:مؤسسة الإمام زيد بن علي الثقافية،2002
300 _a229ص
336 _atext
_btxt
_2rdacontent
337 _aunmediated
_bn
_2rdamedia
338 _avolume
_bnc
_2rdacarrier
650 4 _aالأدب العربي
_923411
999 _aA8464
_c12032
_d12032